The elemental workplace: (Record no. 157948)

MARC details
000 -LEADER
fixed length control field 00719nam a22001937a 4500
005 - DATE AND TIME OF LATEST TRANSACTION
control field 20181012113507.0
010 ## - LCCN (DPL NO)
LC control number ENG-124257
020 ## - INTERNATIONAL STANDARD BOOK NUMBER
Terms of availability 395.00
International Standard Book Number 9789352807482
035 ## - SYSTEM CONTROL NUMBER
System control number EN-107789
037 ## - SOURCE OF ACQUISITION
Source of stock number/acquisition DBAD/PUB.
082 ## - DEWEY DECIMAL CLASSIFICATION NUMBER
Classification number 658.314
100 ## - MAIN ENTRY--PERSONAL NAME
Personal name Usher, Neil
245 ## - TITLE STATEMENT
Title The elemental workplace:
Statement of responsibility, etc by Neil Usher
Remainder of title the 12 elements for creating a fantastic workplace for everyone /
260 ## - PUBLICATION, DISTRIBUTION, ETC. (IMPRINT)
Place of publication, distribution, etc New Delhi
Name of publisher, distributor, etc Sage Publications India Pvt. Ltd.
Date of publication, distribution, etc 2018
270 ## - ADDRESS
Address B1/I-1, Mohan Cooperative Industrial Area Mathura Road Post Bag 7
City New Delhi
Postal code 110044
300 ## - PHYSICAL DESCRIPTION
Extent xiii,215p.
Dimensions 22cm(pbk)
Other physical details ill.
500 ## - GENERAL NOTE
General note It includes about the author, about the illustrator.
942 ## - ADDED ENTRY ELEMENTS (KOHA)
Source of classification or shelving scheme Dewey Decimal Classification
Item type English Books
Call number suffix USH
Classification part 658.314
Holdings
Withdrawn status Lost status Not for loan Collection code Home library Current library Date acquired Source of acquisition Cost, normal purchase price Full call number Barcode Copy number Cost, replacement price Koha item type
    Not For Loan Non-fiction D.B.Act.Division Bawana 12/10/2018 DBAD/PUB 395.00 658.314 USH EN-107789 1 395.00 English Books

© Delhi Public Library
Hit Counter
free hit counter